061_ Personnalités nées un 2 mars par images - Statistiques

Statistiques générales
  • Ce quiz a été pris 29 fois
  • Le résultat moyen est 5 sur 12
Statistiques - réponses
Par images Hint Réponse % Correct
Acteur Daniel Craig
93%
Dirigeant Politique Mikhaïl Gorbatchev
93%
Animatrice Daphné Bürki
72%
Chanteur Chris Martin
69%
Youtubeur Maxence
55%
Dirigeant Politique Abdelaziz Bouteflika
45%
Chanteur Alain Chamfort
45%
Skieur Marcel Hirscher
14%
Actrice Bryce Dallas Howard
10%
Chanteuse Becky G
3%
Chanteuse Karen Carpenter
3%
Avocat Camille Desmoulins
0%
Aucun quiz correspondant
Distribution des résultats
% des personnes avec chaque résultat
Percentile par nombre de réponses
Votre historique - résultats
Vous n’avez pas pris ce quiz